Quizzes
Events
Quiz Creation
Community
Videos
Private Events
Remove Ads
Sign In
Join for FREE
Feedback
Dark Mode
Quiz Categories
Sports
Geography
Music
Movies
Television
Just For Fun
Miscellaneous
History
Literature
Language
Science
Gaming
Entertainment
Religion
Holiday
For Kids
Quiz Lab
Recent
Popular Today
Quiz Kudos Today
Editor Picks
Curator Picks
Quizzes by...
Day
Popularity
Type
Ratings
Length
Year
Community
Subscriptions
Recent Discussions
Orange Saloon
Badges
Playlists
Quests
Create
Leaderboards
Showdown
Live 5
Trivia Bingo
Activity
Puzzle Library
Sporcle Events
Private Events
Virtual Trivia
Globe League
Become a Host
Pub Owners
SporcleCon
Opinionation
Our Games
Videos
Blog
Mobile Apps
Partnerships
Remove Ads and Go Orange
Feedback
Sports
Athletes
MLB
NBA
NHL
NFL
Soccer
Sports Teams
WWE
NCAA
Football
Premier League
Basketball
Baseball
Hockey
Golf
Tennis
Cricket
Rugby
Auto Racing
Olympics
World Cup
Sports
Athletes
MLB
NBA
NHL
NFL
Soccer
Sports Teams
WWE
NCAA
Football
Premier League
Basketball
Baseball
Hockey
Golf
Tennis
Cricket
Rugby
Auto Racing
Olympics
World Cup
Random Quiz
Search Sporcle
×
Quiz Lab
Quiz Lab
Sports
Country
Type in answers that appear in a list
Type in answers that appear in a list
Classic
Best Score? Go Orange.
Teams Steven Gerrard Has Scored Against Stats
Can you name the Teams Steven Gerrard Has Scored Against?
By
Sir_Rowsty
15m
65 Questions
271 Plays
271 Plays
271 Plays
Comments
Comments
Give Quiz Kudos
Give Quiz Kudos
-
- Ratings
hide this ad
More Info
Replay
Link that replays current quiz
Next Quiz
Link to next quiz in quiz playlist
You Got
0%
They Got
Avg Score
50%
Avg Friend Score
Upgrade to see
Score Distribution
Jump to the score distribution portion of the page
Score
0/65
Timer
15:00
0
Plays Today
Country
Club
% Correct
England
Manchester United
97.4%
England
Arsenal
96.7%
England
Manchester City
95.2%
England
Chelsea
94.8%
England
Aston Villa
89.7%
England
Everton
88.9%
Italy
AC Milan
82.7%
Spain
Real Madrid
82.3%
England
Newcastle
81.5%
England
Tottenham
78.6%
England
West Ham
78.2%
England
Blackburn
76.4%
England
West Brom
73.8%
England
Sunderland
73.4%
Italy
Internazionale
72.7%
England
Fulham
71.2%
England
Bolton
70.1%
England
Southampton
66.8%
England
Birmingham
63.8%
England
Leeds
62%
Greece
Olympiakos
60.9%
France
Marseille
60.1%
Portugal
Porto
59.8%
Netherlands
PSV Eindhoven
59%
England
Wolves
58.3%
England
Portsmouth
57.6%
International
Germany
55.7%
Italy
Napoli
55%
England
Hull
52.4%
England
Charlton
50.9%
England
Middlesbrough
50.9%
England
Burnley
50.6%
England
Reading
50.6%
Country
Club
% Correct
England
Derby
48.7%
England
Sheffield United
47.6%
England
Crystal Palace
47.2%
England
Sheffield Wednesday
46.5%
Wales
TNS
46.5%
International
United States
44.3%
France
Lille
42.8%
Spain
Atletico Madrid
42.4%
England
Watford
41.3%
England
Luton
37.6%
International
Sweden
37.3%
England
Brighton
36.5%
England
Coventry
36.2%
Turkey
Besiktas
35.8%
England
Oldham
30.3%
Spain
Deportivo Alaves
28.8%
Ukraine
Dynamo Kiev
28%
Costa Rica
Deportivo Saprissa
27.7%
France
Bordeaux
26.2%
International
Austria
26.2%
International
Trinidad & Tobago
24.7%
International
Croatia
24.4%
International
Macedonia
24%
England
Tranmere
23.6%
International
Switzerland
23.2%
International
Andorra
21%
International
Belarus
15.9%
International
Azerbaijan
12.2%
Austria
Graz AK
11.1%
Romania
Unirea Urziceni
8.9%
Lithuania
FBK Kaunas
8.9%
Macedonia
FK Rabotnicki
7.4%
Quiz Playlist
Details
Report
Send in Message
Add To Playlist
More Info:
*This quiz does not include goals scored in friendlies or international friendlies.*
Classic:
Type in answers that appear in a list
Last Updated: Feb 16, 2017
Quiz Scoreboard
CHALLENGE
Sign Up to Join the Scoreboard
Show All
Scores
Hide
Comments
May contain spoilers
Recently Published
An Introduction to Baseball
by treessimontrees
Sports
5m
Movies - When Are They Set?
by FPL_Elf
Movies
5m
Popular People in 1961
by mucciniale
History
6m
More to Explore
Quiz From the Vault
Featured Blog Post
Where Did the Easter Bunny Come From?
hide this ad
You Might Also Like...
Tags
Country Quiz
Against
club
Gerrard
League
Steven
team
Today's Top Quizzes in Sports
Browse Sports
hide this ad
Today's Top Quizzes in Country
Browse Country
Top Contributed Quizzes in Sports
1
Les meilleurs buteurs des matchs entre le PSG et l’OM
2
2022 World Cup Stars
3
FIFA Club World Cup Champions
4
Les entraîneurs de l'OM et du PSG au 21e siècle
5
Name the Premier League winners with different clubs
6
La finale Lions - Afrique du Sud 2021
7
Les joueurs passés par le LOSC et le RC Lens
8
Criteria MLB: Left Handed Sluggers
9
Players with Multiple 50 Home Run Seasons
10
5-to-1: UK Sports Teams
Explore More
Trending Topics
Harry Potter
Crossword
Marvel
Kpop
Anime
Disney
NBA
Puzzle
The Office
WWE
Pokémon
NFL
Country
Song
Soccer
hide this ad
More By:
Sir_Rowsty
Quiz
Plays
Rating
Category
Featured
Created
Teams David Beckham Has Scored Against
317
5.00
Sports
Apr 21, 2012
Teams Steven Gerrard Has Scored Against
271
Sports
Apr 22, 2012
Go to Creator's Profile
Score Distribution
Quiz Creator Spotlight
Sir_Rowsty
Follow
Send a Message
Quizzes Created
-
Created Quiz Play Count
-
More By This Creator
Popular Quizzes Today
1
Find the Countries of Europe - No Outlines Minefield
2
Find the US States - No Outlines Minefield
3
The Countries of the World
4
Popular People in 1961
5
US States
6
Find the US States
7
1-10 Letter E Words III
8
Risky Map Clicking: Biggest States A-Z
More Sports Quizzes
NBA's Sweet 16
Published
Trending Quizzes
Risky Map Clicking: Least Populous States A-Z
1-10 Letter F Words
1-10 Letter G Words
One Thing in Common: United Kingdom
Risky Map Clicking: Next State Alphabetically
Recently Updated
Leaping Animals
pecheneg
Reality TV Shows (A-Z)
bhenderson79
Rickey Henderson's Hall of Fame Teammates
pecheneg
Champions League XIs: Arsenal
pecheneg
Quick Pick: Celebrities in WWE's Hall of Fame
aduchscher
A-Z Keypad Blitz II
pecheneg
Multiple Oscar Actors
pecheneg
Mystery Phrase Blitz: Oscar 'Best Actors'
pecheneg
F. Scott Fitzgerald Novels
LTH
Pick 3 Villains
ddd62291
Trending Topics
Anime
Marvel
Disney
Crossword
Kpop
NBA
Harry Potter
NFL
Soccer
WWE
The Office
Puzzle
Country
Song
Pokémon
Your Account Isn't Verified!
In order to create a playlist on Sporcle, you need to verify the email address you used during registration. Go to your
Sporcle Settings
to finish the process.
Report this User
Report this user for behavior that violates our
Community Guidelines
.
Details:
Send Report
Go to the Sporcle.com Mobile Site →
Comments